Manual de procesos y procedimientos del área financiera del Ministerio de Cultura (Registro nro. 95151)
[ vista simple ]
| 000 -CABECERA | |
|---|---|
| campo de control de longitud fija | 00812nam a2200241Ia 4500 |
| 001 - NÚMERO DE CONTROL | |
| campo de control | 95151 |
| 003 - IDENTIFICADOR DEL NÚMERO DE CONTROL | |
| campo de control | 175774 |
| 005 - FECHA Y HORA DE LA ÚLTIMA TRANSACCIÓN | |
| campo de control | 20250228104159.0 |
| 008 - DATOS DE LONGITUD FIJA--INFORMACIÓN GENERAL | |
| campo de control de longitud fija | ||||||n9999 ||| || || |
| 245 #0 - MENCIÓN DE TÍTULO | |
| Título | Manual de procesos y procedimientos del área financiera del Ministerio de Cultura |
| 562 ## - NOTA DE IDENTIFICACIÓN DE LA COPIA Y VERSIÓN | |
| Número de copias | 1 |
| 650 #0 - PUNTO DE ACCESO ADICIONAL DE MATERIA--TÉRMINO DE MATERIA | |
| Término de materia o nombre geográfico como elemento de entrada | Administración financiera |
| 9 (RLIN) | 6926 |
| 650 #0 - PUNTO DE ACCESO ADICIONAL DE MATERIA--TÉRMINO DE MATERIA | |
| Término de materia o nombre geográfico como elemento de entrada | Estructura del estado |
| 9 (RLIN) | 3883 |
| 650 ## - PUNTO DE ACCESO ADICIONAL DE MATERIA--TÉRMINO DE MATERIA | |
| Término de materia o nombre geográfico como elemento de entrada | ESTRUCTURA FINANCIERA |
| 9 (RLIN) | 73585 |
| 650 #0 - PUNTO DE ACCESO ADICIONAL DE MATERIA--TÉRMINO DE MATERIA | |
| Término de materia o nombre geográfico como elemento de entrada | Gestión financiera |
| 9 (RLIN) | 16749 |
| 650 ## - PUNTO DE ACCESO ADICIONAL DE MATERIA--TÉRMINO DE MATERIA | |
| Término de materia o nombre geográfico como elemento de entrada | MANUAL DE PROCEDIMIENTOS |
| 9 (RLIN) | 16899 |
| 650 ## - PUNTO DE ACCESO ADICIONAL DE MATERIA--TÉRMINO DE MATERIA | |
| Término de materia o nombre geográfico como elemento de entrada | MANUAL DE PROCESOS |
| 9 (RLIN) | 114531 |
| 650 ## - PUNTO DE ACCESO ADICIONAL DE MATERIA--TÉRMINO DE MATERIA | |
| Término de materia o nombre geográfico como elemento de entrada | MEJORAMIENTO CONTINUO--ADMINISTRACION PUBLICA--PEREIRA (COLOMBIA) |
| 9 (RLIN) | 114532 |
| 650 ## - PUNTO DE ACCESO ADICIONAL DE MATERIA--TÉRMINO DE MATERIA | |
| Término de materia o nombre geográfico como elemento de entrada | NORMALIZACIÓN |
| 9 (RLIN) | 15851 |
| 650 ## - PUNTO DE ACCESO ADICIONAL DE MATERIA--TÉRMINO DE MATERIA | |
| Término de materia o nombre geográfico como elemento de entrada | RACIONALIZACION |
| 9 (RLIN) | 114533 |
| 650 ## - PUNTO DE ACCESO ADICIONAL DE MATERIA--TÉRMINO DE MATERIA | |
| Término de materia o nombre geográfico como elemento de entrada | TESIS Y DISERTACIONES ACADÉMICAS |
| 9 (RLIN) | 114534 |
| 942 ## - ELEMENTOS DE PUNTO DE ACCESO ADICIONAL (KOHA) | |
| Tipo de ítem Koha | Tesis |
| Estado de retiro | Estado de pérdida | Estado dañado | No para préstamo | Código de colección | Localización permanente | Ubicación/localización actual | Coste, precio normal de compra | Total de préstamos | Signatura topográfica completa | Código de barras | Número de copia | Tipo de ítem Koha |
|---|---|---|---|---|---|---|---|---|---|---|---|---|
| Trabajos de Grado | Bogotá - Sede Central | Bogotá - Sede Central | 0.00 | BOG015 2003 | 98523 | 1 | Tesis |

